00319 a2200097 4500245004400000650001500044005001700059260002900076084002300105300009300128 aPolish heritage of Joseph Conradhprint aliterature20191021095355.0 anyubHaskell Housec1965 aPR6005.O4 Z78 1965 a248 p. illus., ports. 24 cm.b248 p. illus., ports. 24 cm.c248 p. illus., ports. 24 cm.